First Five 'F' TV Characters Quiz Stats

 Plays Quiz Updated Jun 26, 2017

Support Sporcle.
Go Orange.
Score 0/30 Timer 06:00
0 Plays Today
Hint Answer % Correct
The Fresh Prince of Bel-AirWill Smith
91.3%
FriendsJoey Tribbiani
90.1%
Full HouseJoey Gladstone
89.7%
FriendsRachel Green
88.6%
FriendsMonica Geller
87.6%
FriendsChandler Bing
87.6%
FriendsPhoebe Buffay
87.4%
FrasierFrasier Crane
84.9%
Family MattersCarl Winslow
75.8%
The Fresh Prince of Bel-AirCarlton Banks
73.7%
FrasierNiles Crane
71.4%
The Fresh Prince of Bel-AirPhilip Banks
61.5%
Family MattersSteve Urkel
61.3%
FrasierDaphne Moon
58.9%
Full HouseD.J. Tanner
58.9%
Hint Answer % Correct
Full HouseJesse Katsopolis
55.3%
Full HouseMichelle Tanner
54.3%
Full HouseStephanie Tanner
50.6%
FrasierRoz Doyle
46.1%
FrasierMartin Crane
39.8%
The Fresh Prince of Bel-AirAshley Banks
38.6%
Family MattersEddie Winslow
31.1%
The Fresh Prince of Bel-AirHilary Banks
30.4%
Family MattersLaura Winslow
25.5%
Friday Night LightsEric Taylor
18.1%
Friday Night LightsTim Riggins
16.4%
Friday Night LightsTami Taylor
13.3%
Family MattersHarriette Winslow
12.6%
Friday Night LightsJulie Taylor
11.2%
Friday Night LightsBuddy Garrity
6.4%

You're not logged in!

Compare scores with friends on all Sporcle quizzes.
OR
Log In
Forgot?

From the Vault

Famous Bunnies

by BaconTim

This quiz is unofficially endorsed by Jeffrey Lebowski's wife.
Remove Ads.
Support Sporcle.
Get the best of Sporcle when you Go Orange. This ad-free experience offers more features, more stats, and more fun while also helping to support Sporcle. Thank you for becoming a member.

Show Comments

Extras

Top Quizzes Today


Score Distribution

Your Account Isn't Verified!

In order to create a playlist on Sporcle, you need to verify the email address you used during registration. Go to your Sporcle Settings to finish the process.

Report this User

Report this user for behavior that violates our Community Guidelines.

Details: